Elementos de derecho comercial

Bibliographic Details
Main Author: Carbonell OþBrien, Esteban
Format: eBook
Language:Spanish
Published: Lima: Carbonell O'Brien Abogados, 2018
Subjects:
Online Access:Acceso restringido

MARC

LEADER 00000nam a22000007a 4500
005 20180713112756.0
007 cr|||| ||||
008 180713s2018 pe |||||s|||| 00||0 spa d
035 |a 21837 
040 |a vLex 
090 |c 8036  |d 8036 
100 1 |a Carbonell OþBrien, Esteban 
245 1 2 |a Elementos de derecho comercial  |h [Recurso electrn̤ico] /  |c Esteban Carbonell OþBrien 
256 |a Servicio en ln̕ea 
260 |a Lima:  |b Carbonell O'Brien Abogados,  |c 2018 
300 |a 1 recurso electrn̤ico (105 p.) 
506 1 |a Disponible solo en los productos indicados  |d vLex Global  |d vLex Global (Academic Edition, excluding Law Schools)  |d vLex Global (U.S. Academic Edition, Law Schools)  |d vLex Global (U.S. Academic Edition, excluding Law Schools)  |d vLex Global (Academic Edition, Law Schools) 
650 0 4 |a Derecho Mercantil y de la Empresa  |z Per︢ 
740 0 |a vLex Libros (Servicio en ln̕ea) 
856 4 0 |u http://vlex.com/source/elementos-derecho-comercial-21837  |z Acceso restringido 
942 |c BOOK 
999 0 |a Commercial and Company Law